Coleoptera / (Record no. 1654)

MARC details
000 -LEADER
fixed length control field 00620nam a2200229 4500
005 - DATE AND TIME OF LATEST TRANSACTION
control field 20250502110951.0
007 - PHYSICAL DESCRIPTION FIXED FIELD--GENERAL INFORMATION
fixed length control field 000
008 - FIXED-LENGTH DATA ELEMENTS--GENERAL INFORMATION
fixed length control field 000
020 ## - INTERNATIONAL STANDARD BOOK NUMBER
International Standard Book Number 0851986781
040 ## - CATALOGING SOURCE
Original cataloging agency UOEL
050 ## - LIBRARY OF CONGRESS CALL NUMBER
Classification number QL573
Item number .B6
100 ## - MAIN ENTRY--PERSONAL NAME
Personal name Booth, R. G.
245 ## - TITLE STATEMENT
Title Coleoptera /
Statement of responsibility, etc R. G. Booth, M. L. Cox and R. B. Madge.
260 ## - PUBLICATION, DISTRIBUTION, ETC. (IMPRINT)
Place of publication, distribution, etc London :
Name of publisher, distributor, etc International Institute of Entomology ,
Date of publication, distribution, etc c1990.
300 ## - PHYSICAL DESCRIPTION
Extent vi, 383p. :
Other physical details ill.
440 ## - SERIES STATEMENT/ADDED ENTRY--TITLE
Title ILE guides to insects of importance to man
500 ## - GENERAL NOTE
General note includes bibliographical references
650 ## - SUBJECT ADDED ENTRY--TOPICAL TERM
Topical term or geographic name as entry element Insects
General subdivision Zoology
700 ## - ADDED ENTRY--PERSONAL NAME
Personal name Cox, M. L.
Personal name Madge, R. B.
942 ## - ADDED ENTRY ELEMENTS (KOHA)
Source of classification or shelving scheme Library of Congress Classification
Item type BOOK
Holdings
Withdrawn status Lost status Source of classification or shelving scheme Damaged status Not for loan Home library Current library Shelving location Date acquired Total Checkouts Full call number Barcode Date last seen Copy number Price effective from Koha item type Date last borrowed
    Library of Congress Classification     UOE Main Library UOE Main Library Open shelf 04/12/2014   QL573 .B6 10051289 27/04/2026 10051289 04/12/2014 Loan - Normal on open shelf  
    Library of Congress Classification     UOE Main Library UOE Main Library Open shelf 04/12/2014 1 QL573 .B6 10051287 27/04/2026 10051287 04/12/2014 Loan - Normal on open shelf 04/02/2021
    Library of Congress Classification     UOE Main Library UOE Main Library Open shelf 04/12/2014   QL573 .B6 10051288 27/04/2026 10051288 04/12/2014 Loan - Normal on open shelf